KOHA-Header-6

Principles of Population and Development (Record no. 8163)

000 -LEADER
fixed length control field 00271nam a2200109Ia 4500
100 ## - MAIN ENTRY--AUTHOR NAME
Personal name Nigel Crook
245 #0 - TITLE STATEMENT
Title Principles of Population and Development
260 ## - PUBLICATION, DISTRIBUTION, ETC. (IMPRINT)
Place of publication Karachi
Name of publisher Oxford
Year of publication 1797
300 ## - PHYSICAL DESCRIPTION
Number of Pages 535
942 ## - ADDED ENTRY ELEMENTS (KOHA)
Koha item type Books
Holdings
Withdrawn status Lost status Collection code Permanent Location Current Location Shelving location Date acquired Full call number Accession Number Koha item type
    English Literature MAJU MAJU Shelf No.A14 2019-09-13 304.6095 2686 English Literature

Powered by Koha